Statistiken für Nolan oder Tarantino

Klicken Sie hier um das Quiz zu spielen!

Allgemein

  • Dieses Quiz wurde 27 mal gespielt
  • Das Durchschnittsergebnis liegt bei 5 aus 10

Antwortstatistiken

FrageAntwort% Korrekt
Mehr bereits existierende Songs verwendet?Tarantino
85%
Ist Brite?Nolan
81%
Mehr Spielfilme?Nolan
69%
Mehr Filme mit Leonardo di Caprio?Tarantino
58%
Mehr Filme in den 2000erˋn?Nolan
54%
Mehr Filme in der IMDB Top 250?Nolan
42%
Mehr Oscars?Tarantino
42%
Mehr Budget beim Debüt Film?Tarantino
31%
Mehr Filme in der IMDB Top 10Beide gleich
19%
Mehr Filme die während der Nazi Zeit spielen?Nolan
19%

Verteilung der Resultate

Perzentil nach korrekt beantworteten Fragen

Anzahl Personen mit jedem Resultat

Ihre Resultats-Entwicklung

Sie haben dieses Quiz noch nicht gespielt